| 000 | 00359nam a2200145Ia 4500 | ||
|---|---|---|---|
| 008 | 150201s1970 xx 000 0 und d | ||
| 082 |
_a615 _bP1970G |
||
| 100 | _aGOODMAN & GILMAN | ||
| 245 | _aTHE PHARMACOLOGICAL BASIS OF THERAPUTICS | ||
| 250 | _a5TH | ||
| 260 |
_bMACMILLAN _aU.S.A _c1970 |
||
| 300 | _a1-1701 | ||
| 650 | _aPHARMACOLOGY | ||
| 942 |
_2ddc _cBK |
||
| 999 |
_c3288 _d3288 |
||